000 00333nam a2200145Ia 4500
008 090124s9999 xx 000 0 und d
082 _b303600
245 _a शर्थ
250 _a1
260 _bराजे शैलजा
_c1998
300 _a151
630 _a शर्थ
730 _a शर्थ
942 _cBOOK
999 _c193237
_d193237